[Event "Rated Blitz game"]
[Site "?"]
[Date "2021.11.02"]
[Round "?"]
[White "aplastar"]
[Black "Tristan2020"]
[Result "1-0"]
[WhiteElo "2317"]
[BlackElo "2433"]
[PlyCount "91"]
[EventDate "2021.??.??"]
[EventType "blitz"]

1. e4 e5 2. Nf3 d5 3. Nxe5 Bd6 4. d4 dxe4 5. Nc4 Nf6 6. Nc3 Bg4 7. Be2 Bxe2 8.
Qxe2 O-O 9. Bg5 Nc6 10. O-O-O Be7 11. d5 Nb4 12. a3 b5 13. axb4 bxc4 14. Qxc4
Rb8 15. b5 Qd6 16. Bxf6 Bxf6 17. Nxe4 Qf4+ 18. Kb1 a6 19. f3 Rxb5 20. c3 Rfb8
21. Rd2 Be5 22. Rhd1 Bd6 23. Nxd6 Qxd6 24. Qc6 a5 25. Qxd6 cxd6 26. Re2 a4 27.
Rdd2 g6 28. Rd4 a3 29. b4 Kg7 30. Ka2 Rc8 31. Rc2 Kf6 32. Kxa3 Ke5 33. f4+ Kf5
34. c4 Rb7 35. c5 Ra8+ 36. Kb3 dxc5 37. Rxc5 Rba7 38. d6+ Ke6 39. Re5+ Kf6 40.
d7 Rd8 41. Red5 Ke6 42. b5 Ra1 43. Kb4 Rc1 44. g3 h5 45. Re5+ Kf6 46. Re8 {
Normal} 1-0

[Event "Rated Blitz game"]
[Site "?"]
[Date "2021.11.02"]
[Round "?"]
[White "twink34"]
[Black "Tristan2020"]
[Result "1/2-1/2"]
[WhiteElo "2388"]
[BlackElo "2414"]
[PlyCount "103"]
[EventDate "2021.??.??"]
[EventType "blitz"]

1. e4 e5 2. Nf3 d5 3. Nxe5 Bd6 4. d4 dxe4 5. Bc4 Bxe5 6. dxe5 Qxd1+ 7. Kxd1
Bg4+ 8. Ke1 Nc6 9. Bd5 O-O-O 10. Nc3 Nxe5 11. Bxe4 Nf6 12. Be3 Nc4 13. h3 Nxe4
14. Nxe4 Bf5 15. Ng5 Rhe8 16. Rd1 Rxd1+ 17. Kxd1 Nxe3+ 18. fxe3 Rxe3 19. Nxf7
Rg3 20. Rf1 Bg6 21. Ne5 c6 22. Nxg6 Rxg6 23. g4 Kc7 24. Kd2 a5 25. c4 Kd6 26.
Kc3 Re6 27. Rf3 b5 28. cxb5 cxb5 29. b4 a4 30. Rd3+ Kc6 31. Rf3 Re1 32. Rf7
Re3+ 33. Kd4 Rxh3 34. Rxg7 h5 35. Rg6+ Kd7 36. Kc5 hxg4 37. Kxb5 Ra3 38. Rxg4
Rxa2 39. Rg7+ Kd6 40. Ra7 a3 41. Kb6 Rb2 42. b5 a2 43. Ra3 Kd7 44. Kc5 Kc7 45.
Ra7+ Kb8 46. Ra3 Kb7 47. Ra4 Rc2+ 48. Kb4 Kb6 49. Ra6+ Kb7 50. Ra4 Kb6 51. Ra6+
Kb7 52. Ra4 {Normal} 1/2-1/2

[Event "Rated Blitz game"]
[Site "?"]
[Date "2021.11.02"]
[Round "?"]
[White "GriNick"]
[Black "Fco_Frrs"]
[Result "1-0"]
[WhiteElo "2331"]
[BlackElo "2441"]
[PlyCount "125"]
[EventDate "2021.??.??"]
[EventType "blitz"]

1. e4 e5 2. Nf3 d5 3. exd5 e4 4. Qe2 Nf6 5. d3 Qxd5 6. Nc3 Bb4 7. Bd2 Bxc3 8.
Bxc3 O-O 9. dxe4 Nxe4 10. Rd1 Nxc3 11. Rxd5 Nxe2 12. Bxe2 Be6 13. Rd2 Nc6 14.
O-O Rad8 15. Rfd1 Rxd2 16. Rxd2 Rd8 17. Rxd8+ Nxd8 18. a3 c5 19. Ne5 f6 20. Nc4
b6 21. Nd6 Nc6 22. c3 Kf8 23. Bc4 Ke7 24. Bxe6 Kxd6 25. Bg8 h6 26. f4 b5 27.
Kf2 b4 28. axb4 cxb4 29. cxb4 Nxb4 30. Ke3 Kc5 31. Ke4 Nc6 32. Bf7 Nd4 33. g4
a5 34. h4 f5+ 35. gxf5 Nb5 36. Ke5 Nd6 37. Bb3 Ne4 38. Kxe4 Kd6 39. Bc2 Ke7 40.
Ke5 Kf7 41. Kd5 Kf6 42. h5 Ke7 43. Kc5 Kf6 44. Kb5 a4 45. Kxa4 Ke7 46. b4 Kd6
47. Kb5 Kd5 48. Kb6 Kd4 49. b5 Kc3 50. Kc6 Kxc2 51. b6 Kd3 52. b7 Ke4 53. b8=Q
Kxf5 54. Qg8 Kf6 55. Qh7 Kf7 56. Qg6+ Kf8 57. f5 Ke7 58. f6+ gxf6 59. Qxh6 Ke6
60. Qg6 Ke5 61. h6 f5 62. h7 f4 63. h8=Q# {Normal} 1-0

[Event "Rated Blitz game"]
[Site "?"]
[Date "2021.11.02"]
[Round "?"]
[White "wblodw"]
[Black "Annali-annaliew1979"]
[Result "0-1"]
[WhiteElo "2403"]
[BlackElo "2402"]
[PlyCount "92"]
[EventDate "2021.??.??"]
[EventType "blitz"]

1. e4 e5 2. Nf3 d5 3. Nxe5 Qe7 4. d4 f6 5. Nf3 dxe4 6. Nfd2 f5 7. Be2 Nf6 8. f3
e3 9. Nc4 f4 10. Nc3 Nc6 11. d5 Ne5 12. Qd4 Nxc4 13. Qxc4 Qe5 14. O-O a6 15. b3
Bd6 16. Bb2 Qh5 17. Ne4 Nxe4 18. Qxe4+ Kf8 19. c4 b6 20. b4 Bd7 21. c5 Re8 22.
Qc2 Be5 23. Bxe5 Qxe5 24. Rad1 g5 25. d6 bxc5 26. bxc5 c6 27. Rb1 Bf5 28. Qc4
Bxb1 29. Rxb1 Kg7 30. Rb7+ Kh6 31. Qf7 Rb8 32. h4 Rxb7 33. hxg5+ Kxg5 34. Qxb7
Rg8 35. Qxc6 Rb8 36. Qd7 Rb1+ 37. Kh2 Qf6 38. Qg4+ Kh6 39. Bd3 Rd1 40. Qh3+ Kg7
41. Qxh7+ Kf8 42. Bg6 Rd5 43. Qh6+ Qg7 44. Qxf4+ Kg8 45. Qe4 Qh6+ 46. Kg3 Rg5+
{Time forfeit} 0-1

[Event "Rated Blitz game"]
[Site "?"]
[Date "2021.11.02"]
[Round "?"]
[White "alexandr_gorokhov"]
[Black "King_bg03"]
[Result "1/2-1/2"]
[WhiteElo "2558"]
[BlackElo "2593"]
[PlyCount "43"]
[EventDate "2021.??.??"]
[EventType "blitz"]

1. e4 e5 2. Nf3 d5 3. Nxe5 Bd6 4. d4 dxe4 5. Bf4 Nd7 6. Bc4 Bxe5 7. dxe5 Qe7 8.
O-O Nxe5 9. Bxe5 Qxe5 10. Re1 Nf6 11. Nc3 O-O 12. Nd5 Ng4 13. f4 Qxb2 14. Rxe4
Kh8 15. h3 Nf6 16. Rb1 Qxb1 17. Qxb1 Nxe4 18. Nxc7 Rb8 19. Na6 Ra8 20. Nc7 Rb8
21. Na6 Ra8 22. Nc7 {Normal} 1/2-1/2

[Event "Rated Blitz game"]
[Site "?"]
[Date "2021.11.02"]
[Round "?"]
[White "NeomasterVV"]
[Black "Moskvin_Tolik"]
[Result "0-1"]
[WhiteElo "2576"]
[BlackElo "2446"]
[PlyCount "84"]
[EventDate "2021.??.??"]
[EventType "blitz"]

1. e4 e5 2. Nf3 d5 3. Nxe5 dxe4 4. d4 Bd6 5. Bc4 Bxe5 6. dxe5 Qxd1+ 7. Kxd1 Nc6
8. Bd5 Bg4+ 9. Ke1 O-O-O 10. Nc3 f5 11. h3 Bh5 12. Be6+ Kb8 13. Bxf5 Nge7 14.
Bxe4 Nxe5 15. Bg5 Rde8 16. f3 Nc4 17. Kf2 Rhf8 18. Rhe1 h6 19. Bh4 Nd6 20. Bg3
Nxe4+ 21. Rxe4 Nf5 22. Bh2 Rd8 23. g4 Nh4 24. gxh5 Nxf3 25. Bf4 Ng5 26. Rc4
Rd2+ 27. Ke3 Rxc2 28. Bxc7+ Ka8 29. Bd6 Rf3+ 30. Kd4 Rd2+ 31. Kc5 Ne6+ 32. Kb4
a5+ 33. Ka3 Rxd6 34. Rc8+ Ka7 35. Ka4 Kb6 36. Re1 Nc5+ 37. Ka3 Rd4 38. b3 Rxc3
39. Re6+ Nxe6 40. Rxc3 Rd5 41. Rg3 Rxh5 42. Rg6 Re5 {Time forfeit} 0-1

[Event "Rated Blitz game"]
[Site "?"]
[Date "2021.11.02"]
[Round "?"]
[White "Izzrayizzix"]
[Black "DOOGE228"]
[Result "0-1"]
[WhiteElo "2483"]
[BlackElo "2443"]
[PlyCount "38"]
[EventDate "2021.??.??"]
[EventType "blitz"]

1. e4 e5 2. Nf3 d5 3. Nxe5 Bd6 4. d4 dxe4 5. Nc4 Nf6 6. Nc3 O-O 7. Bg5 Be7 8.
Be2 Nc6 9. Bxf6 Bxf6 10. Nxe4 Bxd4 11. c3 Qh4 12. Ng3 Bf6 13. O-O Be6 14. Ne3
g6 15. Qc2 Be7 16. b4 f5 17. f4 Bd6 18. Nh1 Bxf4 19. Nc4 Bxh2# {Normal} 0-1

[Event "Rated Blitz game"]
[Site "?"]
[Date "2021.11.02"]
[Round "?"]
[White "berndhoy"]
[Black "Annali-annaliew1979"]
[Result "1-0"]
[WhiteElo "2534"]
[BlackElo "2498"]
[PlyCount "69"]
[EventDate "2021.??.??"]
[EventType "blitz"]

1. e4 e5 2. Nf3 d5 3. exd5 e4 4. Qe2 f5 5. Nc3 Nf6 6. d3 Bb4 7. dxe4 Bxc3+ 8.
bxc3 fxe4 9. c4 O-O 10. Nd4 c5 11. Nb3 Bf5 12. Be3 Nbd7 13. Qd2 b6 14. Be2 Ne5
15. h3 Ng6 16. a4 Qd7 17. a5 Nh4 18. g4 Bg6 19. O-O-O Qa4 20. Kb2 bxa5 21. Qxa5
Qd7 22. Qb5 Qf7 23. Qxc5 Rab8 24. Qd4 a5 25. Ra1 Nf3 26. Bxf3 exf3 27. Rxa5 Ne4
28. d6 Rfc8 29. Rd5 Nc5 30. Rxc5 Rxc5 31. Qxc5 Qf6+ 32. Qd4 Qd8 33. Ra1 Qd7 34.
Ra7 Rb7 35. Qd5+ {Normal} 1-0

[Event "Rated Blitz game"]
[Site "?"]
[Date "2021.11.02"]
[Round "?"]
[White "RT_Beowulf"]
[Black "Annali-annaliew1979"]
[Result "1-0"]
[WhiteElo "2355"]
[BlackElo "2425"]
[PlyCount "47"]
[EventDate "2021.??.??"]
[EventType "blitz"]

1. e4 e5 2. Nf3 d5 3. exd5 e4 4. Qe2 f5 5. d3 Nf6 6. dxe4 fxe4 7. Nc3 Bb4 8.
Qb5+ c6 9. Qxb4 exf3 10. dxc6 Nxc6 11. Qb3 Qe7+ 12. Be3 Be6 13. Qa4 O-O-O 14.
gxf3 Bf7 15. Bh3+ Kb8 16. O-O Be6 17. Bxe6 Qxe6 18. Rad1 a6 19. Ne4 Ne5 20. Bf4
Nfd7 21. Rxd7 Rxd7 22. Bxe5+ Ka8 23. Bg3 Rf8 24. Nc5 {Normal} 1-0

[Event "Rated Blitz game"]
[Site "?"]
[Date "2021.11.02"]
[Round "?"]
[White "FernandoVenturaRJ"]
[Black "Benny_Watts_2005"]
[Result "0-1"]
[WhiteElo "2476"]
[BlackElo "2375"]
[PlyCount "68"]
[EventDate "2021.??.??"]
[EventType "blitz"]

1. e4 e5 2. Nf3 d5 3. exd5 e4 4. Qe2 Nf6 5. Nc3 Be7 6. Nxe4 Nxd5 7. d3 O-O 8.
Bd2 Re8 9. O-O-O f5 10. Ng3 Bf6 11. Be3 f4 12. c4 Nb4 13. Qd2 Nxa2+ 14. Kb1
fxe3 15. fxe3 Be6 16. Kxa2 b5 17. Ne4 bxc4 18. dxc4 Qe7 19. Nxf6+ Qxf6 20. Nd4
Bf7 21. Bd3 Nd7 22. Rhf1 Qa6+ 23. Kb1 Nc5 24. Rxf7 Kxf7 25. Rf1+ Kg8 26. Be2
Rf8 27. Bf3 Rab8 28. Bd5+ Kh8 29. Rc1 Qb6 30. Qc2 Nd3 31. Nc6 Qxb2+ 32. Qxb2
Rxb2+ 33. Ka1 Rff2 34. Rd1 Ra2+ {Normal} 0-1

[Event "Rated Blitz game"]
[Site "?"]
[Date "2021.11.02"]
[Round "?"]
[White "nerevar83"]
[Black "Annali-annaliew1979"]
[Result "1-0"]
[WhiteElo "2380"]
[BlackElo "2483"]
[PlyCount "67"]
[EventDate "2021.??.??"]
[EventType "blitz"]

1. e4 e5 2. Nf3 d5 3. exd5 e4 4. Ng1 f5 5. d3 Nf6 6. dxe4 fxe4 7. Nc3 Bb4 8.
Bc4 Bxc3+ 9. bxc3 O-O 10. Bg5 Kh8 11. Ne2 Bg4 12. O-O Nbd7 13. Qd2 Ne5 14. Bb3
Qe8 15. Ng3 Qg6 16. h3 Bf3 17. Bf4 Nfd7 18. Kh1 Bxg2+ 19. Kxg2 Nf3 20. Qe3 h5
21. Qxe4 Qxe4 22. Nxe4 Rxf4 23. Ng3 h4 24. Ne2 Rf5 25. Nd4 Nxd4 26. cxd4 Raf8
27. Rae1 Nf6 28. Re5 Rf4 29. c3 Ne4 30. Rh5+ Kg8 31. d6+ R8f7 32. dxc7 g6 33.
c8=Q+ Kg7 34. Qh8# {Normal} 1-0

[Event "Rated Blitz game"]
[Site "?"]
[Date "2021.11.02"]
[Round "?"]
[White "MARCO-CM67"]
[Black "Annali-annaliew1979"]
[Result "1-0"]
[WhiteElo "2293"]
[BlackElo "2436"]
[PlyCount "53"]
[EventDate "2021.??.??"]
[EventType "blitz"]

1. e4 e5 2. Nf3 d5 3. d4 dxe4 4. Nxe5 Bd6 5. Bc4 Bxe5 6. dxe5 Qxd1+ 7. Kxd1 Nc6
8. e6 f5 9. Nc3 Nf6 10. Nb5 Ne5 11. Nxc7+ Kd8 12. Nxa8 Nxc4 13. b3 Na5 14. Bf4
Nd5 15. Bg5+ Ke8 16. c4 Nf6 17. Nc7+ Ke7 18. Kc2 Bxe6 19. Nxe6 Kxe6 20. Bxf6
Kxf6 21. Rad1 Ke6 22. Rd2 Nc6 23. Rhd1 a5 24. Rd6+ Ke5 25. g3 e3 26. f3 f4 27.
R1d5# {Normal} 1-0

[Event "Rated Blitz game"]
[Site "?"]
[Date "2021.11.02"]
[Round "?"]
[White "WHAFLC-Aca"]
[Black "Annali-annaliew1979"]
[Result "1-0"]
[WhiteElo "2672"]
[BlackElo "2509"]
[PlyCount "125"]
[EventDate "2021.??.??"]
[EventType "blitz"]

1. e4 e5 2. Nf3 d5 3. Nxe5 Qe7 4. d4 f6 5. Nd3 Nc6 6. Be3 dxe4 7. Nf4 f5 8.
Qh5+ Qf7 9. Qxf7+ Kxf7 10. Bc4+ Ke8 11. Nc3 Bd6 12. Nb5 Nf6 13. Nxd6+ cxd6 14.
h4 Ke7 15. O-O-O Bd7 16. f3 Rac8 17. fxe4 fxe4 18. Nd5+ Nxd5 19. Bxd5 Nb4 20.
Bg5+ Ke8 21. Bxe4 d5 22. Bd3 Nxd3+ 23. Rxd3 h6 24. Re1+ Kf7 25. Re7+ Kg6 26.
Rxd7 hxg5 27. hxg5 Rh1+ 28. Kd2 Rg1 29. Rg3 Rf8 30. Rd6+ Kh5 31. Rxd5 g6 32.
Kc3 Rf2 33. Kb3 Rc1 34. Rc5 b6 35. Rc7 Kh4 36. Rd3 Kxg5 37. d5 a5 38. a4 b5 39.
axb5 a4+ 40. Kxa4 Rfxc2 41. Rxc2 Rxc2 42. Kb3 Rc5 43. d6 Rxb5+ 44. Kc4 Rb8 45.
d7 Rd8 46. Kc5 Kf6 47. Kd6 g5 48. Kc7 Rg8 49. d8=Q+ Rxd8 50. Rxd8 Kf5 51. Rd2
Kf4 52. b4 Ke3 53. Ra2 Kd4 54. b5 Kc5 55. b6 g4 56. b7 Kd4 57. b8=Q Ke4 58. Qb5
Kf4 59. Ra4+ Kg3 60. Qd3+ Kh2 61. Ra3 g3 62. Qxg3+ Kh1 63. Ra1# {Normal} 1-0

[Event "Rated Blitz game"]
[Site "?"]
[Date "2021.11.02"]
[Round "?"]
[White "fallawneco"]
[Black "Annali-annaliew1979"]
[Result "1-0"]
[WhiteElo "2399"]
[BlackElo "2436"]
[PlyCount "117"]
[EventDate "2021.??.??"]
[EventType "blitz"]

1. e4 e5 2. Nf3 d5 3. Nxe5 Qe7 4. d4 f6 5. Nd3 Nc6 6. c3 Bf5 7. Nc5 Bxe4 8. Be3
a6 9. Nd2 Bg6 10. Nxb7 Qd7 11. Qa4 Nge7 12. Nc5 Qc8 13. Bxa6 Kf7 14. Bxc8 Rxa4
15. Nxa4 Nxc8 16. O-O Bd6 17. Rfe1 N8e7 18. c4 Bb4 19. Nc3 Bxc3 20. bxc3 Ra8
21. cxd5 Nxd5 22. c4 Nxe3 23. fxe3 Nb4 24. Rec1 Nc2 25. Rab1 Nxe3 26. Rb7 Rxa2
27. Rxc7+ Ke8 28. Rb1 Kd8 29. Rxg7 Kc8 30. Nf1 Bxb1 31. Nxe3 Be4 32. Nd5 Bxd5
33. cxd5 Rd2 34. Rg4 Kd7 35. Rf4 Kd6 36. Rxf6+ Kxd5 37. Rf7 Ke4 38. Rxh7 Rxd4
39. Rh4+ Kd3 40. Rxd4+ Kxd4 41. h4 Ke4 42. g4 Kf4 43. h5 Kg5 44. Kg2 Kh6 45.
Kg3 Kg5 46. Kh3 Kh6 47. Kh4 Kg7 48. g5 Kh7 49. h6 Kg6 50. Kg4 Kh7 51. Kh5 Kg8
52. g6 Kh8 53. Kg5 Kg8 54. Kf6 Kh8 55. g7+ Kh7 56. Kf7 Kxh6 57. g8=Q Kh5 58.
Qg3 Kh6 59. Qh4# {Normal} 1-0

[Event "Rated Blitz game"]
[Site "?"]
[Date "2021.11.01"]
[Round "?"]
[White "Vgrechko99"]
[Black "Annali-annaliew1979"]
[Result "1-0"]
[WhiteElo "2559"]
[BlackElo "2526"]
[PlyCount "77"]
[EventDate "2021.??.??"]
[EventType "blitz"]

1. e4 e5 2. Nf3 d5 3. Nxe5 Qe7 4. d4 f6 5. Nf3 dxe4 6. Ng1 f5 7. Bc4 Nf6 8. Bg5
Be6 9. d5 Bf7 10. Nc3 a6 11. a4 Nbd7 12. Nge2 Qc5 13. Bb3 h6 14. Be3 Qa5 15.
O-O Bd6 16. Nd4 f4 17. Bd2 Qc5 18. Ne6 Bxe6 19. dxe6 Nb6 20. Re1 e3 21. fxe3
O-O-O 22. Qe2 Rhe8 23. Kh1 h5 24. exf4 Ng4 25. Ne4 Qc6 26. h3 Nf6 27. Nxf6 gxf6
28. f5 Bg3 29. Rf1 Be5 30. c3 Nd5 31. Rad1 Ne7 32. Bf4 Rxd1 33. Qxd1 Rg8 34.
Qe2 Nxf5 35. Bxe5 fxe5 36. Rxf5 Qb6 37. e7 Qxb3 38. Rf8+ Kd7 39. e8=Q+ {Normal}
1-0

[Event "Rated Blitz game"]
[Site "?"]
[Date "2021.11.01"]
[Round "?"]
[White "Sliver777"]
[Black "Benny_Watts_2005"]
[Result "1-0"]
[WhiteElo "2459"]
[BlackElo "2399"]
[PlyCount "79"]
[EventDate "2021.??.??"]
[EventType "blitz"]

1. e4 e5 2. Nf3 d5 3. d4 dxe4 4. Nxe5 Bd6 5. Nc4 Nc6 6. Nxd6+ Qxd6 7. c3 Nf6 8.
Be2 Bf5 9. O-O O-O 10. Na3 Rad8 11. Nc4 Qd5 12. Ne3 Qd7 13. Nxf5 Qxf5 14. Qb3
b6 15. Qb5 Qxb5 16. Bxb5 Ne7 17. Bg5 Ned5 18. a4 h6 19. Bxf6 Nxf6 20. a5 Nd5
21. axb6 axb6 22. Ra7 c5 23. dxc5 bxc5 24. h3 e3 25. Bc4 exf2+ 26. Rxf2 Nf6 27.
Rc7 Rd1+ 28. Kh2 Re1 29. Rxc5 Ne4 30. Rxf7 Rxf7 31. Rc8+ Kh7 32. Bxf7 Nf2 33.
Bd5 Rh1+ 34. Kg3 Nd3 35. Be4+ g6 36. Bxd3 Kg7 37. b4 Kf6 38. b5 Rc1 39. b6 Rxc3
40. Rxc3 {Normal} 1-0

[Event "Rated Blitz game"]
[Site "?"]
[Date "2021.11.01"]
[Round "?"]
[White "taitan1"]
[Black "Annali-annaliew1979"]
[Result "0-1"]
[WhiteElo "2538"]
[BlackElo "2522"]
[PlyCount "42"]
[EventDate "2021.??.??"]
[EventType "blitz"]

1. e4 e5 2. Nf3 d5 3. d4 dxe4 4. Nc3 Bd6 5. Nxe5 Bxe5 6. dxe5 Qxd1+ 7. Nxd1 Nc6
8. Bb5 Nge7 9. f4 exf3 10. gxf3 Bf5 11. c3 O-O-O 12. Bg5 Rd5 13. Bc4 Rxe5+ 14.
Kf2 f6 15. Bf4 Rc5 16. b3 Ne5 17. Be3 Rc6 18. Bxa7 Nxc4 19. bxc4 Rxc4 20. Bd4
Nc6 21. Rc1 Nxd4 {Normal} 0-1

[Event "Rated Blitz game"]
[Site "?"]
[Date "2021.11.01"]
[Round "?"]
[White "Aragiotto"]
[Black "Annali-annaliew1979"]
[Result "1-0"]
[WhiteElo "2502"]
[BlackElo "2497"]
[PlyCount "131"]
[EventDate "2021.??.??"]
[EventType "blitz"]

1. e4 e5 2. Nf3 d5 3. exd5 e4 4. Qe2 f5 5. d3 Nf6 6. Nc3 Bb4 7. Bg5 Bxc3+ 8.
bxc3 O-O 9. Nd4 c5 10. dxc6 Nxc6 11. Nxc6 bxc6 12. d4 Be6 13. Qa6 Bf7 14. Bc4
Bd5 15. O-O Qc7 16. Rab1 Ng4 17. g3 h6 18. Rb7 Qc8 19. Bf4 Kh8 20. Rfb1 Qe6 21.
Bxd5 Qxd5 22. Rxa7 Rxa7 23. Qxa7 Rf7 24. Rb7 Rxb7 25. Qxb7 Qxa2 26. Qc8+ Kh7
27. Qxf5+ g6 28. Qxg4 Qxc2 29. Qd7+ Kg8 30. Qe7 Qd1+ 31. Kg2 Qf3+ 32. Kh3 Qh5+
33. Kg2 Qf3+ 34. Kh3 Qh5+ 35. Qh4 Qf5+ 36. Qg4 Qf7 37. Be3 Kh7 38. Qxe4 h5 39.
Kg2 Qd7 40. h3 Kg7 41. Bf4 Kh7 42. Be5 Qe6 43. Qf3 h4 44. gxh4 c5 45. h5 cxd4
46. hxg6+ Qxg6+ 47. Qg3 Qe4+ 48. Qf3 Qxe5 49. cxd4 Qxd4 50. Qf5+ Kh8 51. Qg4
Qd5+ 52. Qf3 Qg8+ 53. Qg4 Qd5+ 54. Qf3 Qd6 55. Qg3 Qd5+ 56. Kh2 Qf5 57. h4 Kh7
58. f4 Qc2+ 59. Kh3 Qf5+ 60. Qg4 Qd3+ 61. Qg3 Qf1+ 62. Qg2 Qxf4 63. Qg3 Qf1+
64. Kh2 Qe2+ 65. Kh3 Qe6+ 66. Qg4 {Time forfeit} 1-0

[Event "Rated Blitz game"]
[Site "?"]
[Date "2021.11.01"]
[Round "?"]
[White "Sijavush"]
[Black "lavilaine"]
[Result "0-1"]
[WhiteElo "2469"]
[BlackElo "2481"]
[PlyCount "68"]
[EventDate "2021.??.??"]
[EventType "blitz"]

1. e4 e5 2. Nf3 d5 3. exd5 e4 4. Ne5 Qxd5 5. d4 exd3 6. Nxd3 Nf6 7. Nc3 Qa5 8.
Be2 Nc6 9. O-O Be6 10. Bf3 Bd6 11. Bxc6+ bxc6 12. Bf4 O-O 13. Bxd6 cxd6 14. Qf3
d5 15. b4 Qa3 16. Nf4 Qxb4 17. Rab1 Qc4 18. h3 Rab8 19. Rb3 Rxb3 20. axb3 Qa6
21. Na4 Ne4 22. Re1 Bf5 23. Qe3 Bg6 24. Nc5 Nxc5 25. Qxc5 Qb6 26. Qe7 Bxc2 27.
b4 a5 28. bxa5 Qxa5 29. Re6 fxe6 30. Nxe6 Qe1+ 31. Kh2 Qe5+ 32. f4 Rxf4 33.
Qe8+ Rf8+ 34. Kh1 Rxe8 {Normal} 0-1

[Event "Rated Blitz game"]
[Site "?"]
[Date "2021.11.01"]
[Round "?"]
[White "Kolian222"]
[Black "Annali-annaliew1979"]
[Result "1-0"]
[WhiteElo "2573"]
[BlackElo "2507"]
[PlyCount "83"]
[EventDate "2021.??.??"]
[EventType "blitz"]

1. e4 e5 2. Nf3 d5 3. exd5 e4 4. Qe2 f5 5. d3 Nf6 6. Nc3 Bb4 7. Bd2 Bxc3 8.
Bxc3 O-O 9. dxe4 Nxe4 10. Bd4 c5 11. dxc6 Nxc6 12. O-O-O Qe8 13. Qe3 Be6 14. a3
Rc8 15. Bc5 Rf7 16. Bb5 a6 17. Bd3 Rfc7 18. Bb6 Re7 19. Bc5 Rec7 20. Bb6 Re7
21. Bxe4 fxe4 22. Nd4 Nxd4 23. Bxd4 Qc6 24. Bc3 Bf7 25. Rd4 Qe6 26. b3 Rec7 27.
Rc4 Rxc4 28. bxc4 Qxc4 29. Kb2 Qa2+ 30. Kc1 Qxa3+ 31. Bb2 Qa4 32. Qd2 Bb3 33.
Bc3 Qa3+ 34. Bb2 Qa2 35. c3 b5 36. Re1 b4 37. Re3 bxc3 38. Rxc3 Rb8 39. Rc7 Qa4
40. Rxg7+ Kf8 41. Qd6+ Ke8 42. Qe7# {Normal} 1-0

[Event "Rated Blitz game"]
[Site "?"]
[Date "2021.11.01"]
[Round "?"]
[White "Pescaderocalvo"]
[Black "Annali-annaliew1979"]
[Result "0-1"]
[WhiteElo "2499"]
[BlackElo "2482"]
[PlyCount "36"]
[EventDate "2021.??.??"]
[EventType "blitz"]

1. e4 e5 2. Nf3 d5 3. Nxe5 Qe7 4. d4 f6 5. Nd3 Nc6 6. c3 Bf5 7. Be2 Bxe4 8. O-O
Qf7 9. Bf3 Bd6 10. Bxe4 dxe4 11. Re1 f5 12. f3 Nf6 13. Nd2 O-O 14. fxe4 fxe4
15. Nxe4 Nxe4 16. Rxe4 Qf5 17. Re1 Kh8 18. Bd2 Qxd3 {Normal} 0-1

[Event "Rated Blitz game"]
[Site "?"]
[Date "2021.11.01"]
[Round "?"]
[White "SutorminDA"]
[Black "Annali-annaliew1979"]
[Result "1-0"]
[WhiteElo "2591"]
[BlackElo "2472"]
[PlyCount "53"]
[EventDate "2021.??.??"]
[EventType "blitz"]

1. e4 e5 2. Nf3 d5 3. Nxe5 Qe7 4. d4 f6 5. Nd3 dxe4 6. Nf4 f5 7. Nc3 Nf6 8. Bc4
Nc6 9. O-O Na5 10. Ncd5 Nxd5 11. Nxd5 Qd8 12. Bf4 Nxc4 13. Nxc7+ Kf7 14. Nxa8
Bd6 15. Qc1 Be6 16. Bxd6 Qxd6 17. b3 Na5 18. c4 b6 19. d5 Bd7 20. b4 Nb7 21.
Nxb6 axb6 22. Qe3 Rc8 23. Qc3 Bb5 24. Qh3 Bxc4 25. Qxf5+ Qf6 26. Qxc8 Bxf1 27.
Qxb7+ {Normal} 1-0

[Event "Rated Blitz game"]
[Site "?"]
[Date "2021.11.01"]
[Round "?"]
[White "MarkusMaischberger"]
[Black "khalid_ontawar"]
[Result "1-0"]
[WhiteElo "2491"]
[BlackElo "2500"]
[PlyCount "147"]
[EventDate "2021.??.??"]
[EventType "blitz"]

1. e4 e5 2. Nf3 d5 3. d4 dxe4 4. Nxe5 Be6 5. Nc3 Nf6 6. Bg5 Be7 7. Bxf6 gxf6 8.
Nc4 Bb4 9. Be2 Nc6 10. a3 Bxc3+ 11. bxc3 Qe7 12. Qd2 O-O-O 13. Qf4 f5 14. Ne3
Qf6 15. Bb5 Ne7 16. Qe5 Qxe5 17. dxe5 c6 18. Be2 Kc7 19. f4 Rhg8 20. g3 Rd7 21.
Rd1 Rgd8 22. Kf2 Nd5 23. Nxd5+ Bxd5 24. Ke3 b5 25. Rd4 Be6 26. Rhd1 Rxd4 27.
cxd4 Kb6 28. c3 Ka5 29. Ra1 Ka4 30. Bd1+ Bb3 31. Be2 Rb8 32. g4 fxg4 33. Bxg4
Bc2 34. Bh5 Rb7 35. f5 Kb3 36. e6 Kb2 37. Rg1 fxe6 38. fxe6 Kxc3 39. Rc1 Kb2
40. Rxc2+ Kxc2 41. Kxe4 a5 42. Ke5 b4 43. axb4 axb4 44. Kd6 Rg7 45. Bf7 b3 46.
e7 b2 47. e8=Q b1=Q 48. Qe4+ Kb2 49. Qxc6 Rxf7 50. Qb5+ Kc3 51. Qxb1 Rf6+ 52.
Ke5 Rg6 53. Qc1+ Kd3 54. Qf4 Ke2 55. Qf5 Rg1 56. Qe4+ Kf1 57. Qxh7 Rg2 58. Qf5+
Kg1 59. Qe4 Rf2 60. Qe3 Kg2 61. Qxf2+ Kxf2 62. d5 Kf3 63. d6 Kg2 64. d7 Kh3 65.
d8=Q Kxh2 66. Qf6 Kg3 67. Qf4+ Kg2 68. Ke4 Kg1 69. Qf3 Kh2 70. Ke3 Kg1 71. Qe2
Kh1 72. Qd2 Kg1 73. Kf3 Kf1 74. Qf2# {Normal} 1-0

[Event "Rated Blitz game"]
[Site "?"]
[Date "2021.11.01"]
[Round "?"]
[White "Beutlin1"]
[Black "GrandeGila"]
[Result "0-1"]
[WhiteElo "2495"]
[BlackElo "2518"]
[PlyCount "50"]
[EventDate "2021.??.??"]
[EventType "blitz"]

1. e4 e5 2. Nf3 d5 3. exd5 e4 4. Ng1 Qxd5 5. Nc3 Qe5 6. Bc4 Bd6 7. Nge2 Bg4 8.
d4 exd3 9. Qxd3 Nc6 10. Bf4 Bxe2 11. Qxe2 Qxe2+ 12. Nxe2 Bxf4 13. Nxf4 O-O-O
14. Bxf7 Nh6 15. Bb3 Rhe8+ 16. Kf1 Rd2 17. Re1 Rf8 18. g3 Nd4 19. Rc1 Nxb3 20.
axb3 g5 21. Nd3 Re8 22. Re1 Rxe1+ 23. Nxe1 Ng4 24. f3 Ne3+ 25. Kg1 Re2 {Normal}
0-1

[Event "Rated Blitz game"]
[Site "?"]
[Date "2021.11.01"]
[Round "?"]
[White "Elgranconejo"]
[Black "DOOGE228"]
[Result "0-1"]
[WhiteElo "2523"]
[BlackElo "2436"]
[PlyCount "74"]
[EventDate "2021.??.??"]
[EventType "blitz"]

1. e4 e5 2. Nf3 d5 3. exd5 e4 4. Qe2 Nf6 5. Nc3 Be7 6. Ng5 O-O 7. Ngxe4 Re8 8.
d3 Nxd5 9. Nxd5 Qxd5 10. Qf3 Qa5+ 11. Bd2 Qb6 12. Bc3 f5 13. Ng3 Bb4+ 14. Be2
Bxc3+ 15. bxc3 Qb2 16. O-O Qxc3 17. Rab1 Nc6 18. Qf4 Qe5 19. Qxe5 Rxe5 20. Bd1
b6 21. c3 Ba6 22. Bc2 Rae8 23. Rfd1 g6 24. d4 R5e7 25. Bb3+ Kg7 26. c4 Na5 27.
Rbc1 h5 28. h3 h4 29. Nf1 Re2 30. Ne3 Rb2 31. c5 Nxb3 32. axb3 Rxb3 33. cxb6
cxb6 34. Rc7+ Kf6 35. d5 Be2 36. Re1 Rb2 37. d6 Rd8 {Time forfeit} 0-1

[Event "Rated Blitz game"]
[Site "?"]
[Date "2021.11.01"]
[Round "?"]
[White "June31"]
[Black "Annali-annaliew1979"]
[Result "1-0"]
[WhiteElo "2684"]
[BlackElo "2490"]
[PlyCount "67"]
[EventDate "2021.??.??"]
[EventType "blitz"]

1. e4 e5 2. Nf3 d5 3. exd5 e4 4. Qe2 f5 5. d3 Nf6 6. dxe4 fxe4 7. Nc3 Be7 8.
Ng5 O-O 9. Ne6 Bxe6 10. dxe6 c6 11. Bd2 Na6 12. O-O-O Nc5 13. Be3 Qa5 14. Bxc5
Qxc5 15. Nxe4 Nxe4 16. Qxe4 Rxf2 17. Bd3 Qh5 18. Kb1 Raf8 19. g3 a5 20. a3 Qh6
21. h4 g6 22. h5 g5 23. Be2 R2f6 24. Rd7 Re8 25. Rxb7 Kh8 26. Qe5 Kg8 27. Rd1
Rf2 28. Rdd7 Qf6 29. Qxf6 Bxf6 30. Bc4 Rh2 31. Rxh7 Rh1+ 32. Ka2 Re1 33. Rbf7
Be5 34. e7 {Normal} 1-0

[Event "Rated Blitz game"]
[Site "?"]
[Date "2021.11.01"]
[Round "?"]
[White "xjz"]
[Black "Annali-annaliew1979"]
[Result "1-0"]
[WhiteElo "2560"]
[BlackElo "2532"]
[PlyCount "47"]
[EventDate "2021.??.??"]
[EventType "blitz"]

1. e4 e5 2. Nf3 d5 3. exd5 e4 4. Qe2 f5 5. d3 Nf6 6. dxe4 fxe4 7. Nc3 Be7 8.
Nxe4 Nxe4 9. Qxe4 O-O 10. Bd3 Bf5 11. Qc4 Bxd3 12. Qxd3 Bd6 13. Be3 Nd7 14. Ng5
Nf6 15. Ne6 Qd7 16. Nxf8 Rxf8 17. O-O-O b5 18. f3 a5 19. g4 b4 20. h4 a4 21. h5
a3 22. b3 Re8 23. g5 Rxe3 24. Qxe3 {Normal} 1-0

[Event "Rated Blitz game"]
[Site "?"]
[Date "2021.11.01"]
[Round "?"]
[White "Aeroschess"]
[Black "RoadToFM-L"]
[Result "0-1"]
[WhiteElo "2442"]
[BlackElo "2536"]
[PlyCount "28"]
[EventDate "2021.??.??"]
[EventType "blitz"]

1. e4 e5 2. Nf3 d5 3. Nc3 Nf6 4. exd5 e4 5. Qe2 Be7 6. d3 exf3 7. Qxf3 O-O 8.
h3 Re8 9. Be2 c6 10. dxc6 Nxc6 11. Be3 Nd4 12. Bxd4 Qxd4 13. O-O-O Ba3 14. Rhe1
Qxc3 {Normal} 0-1